Statistics for Soccer Players To National Teams

Click here to take the quiz!

General Stats

  • This quiz has been taken 95 times
  • The average score is 27 of 30

Answer Stats

QuestionTileSelect% Correct
swedish players.RamosNo
100%
swedish players.Alexander-ArnoldNo
99%
norwegian players.AgueroNo
97%
british players.InsigneNo
97%
british players.MbappeNo
97%
british players.RashfordYes
97%
spanish players.BusquetsYes
95%
norwegian players.De BruyneNo
95%
swedish players.HakimiNo
95%
swedish players.LindelofYes
95%
spanish players.MessiNo
95%
spanish players.Neymar Jr.No
95%
french players.DestNo
94%
norwegian players.HaalandYes
94%
british players.KaneYes
94%
french players.MbappeYes
94%
french players.PogbaYes
94%
british players.SalahNo
94%
british players.PickfordYes
93%
norwegian players.RabiotNo
93%
spanish players.TielemansNo
91%
swedish players.ForsbergYes
90%
french players.VaraneYes
90%
spanish players.SanchoNo
89%
french players.ToureNo
85%
spanish players.AlbaYes
84%
swedish players.IsakYes
82%
norwegian players.LengletNo
77%
french players.ZoumaYes
63%
norwegian players.KingYes
60%

Score Distribution

Percentile by Number Answered

Percent of People with Each Score

Your Score History

You have not taken this quiz